Čaplovič, Ján (Jasenovský) etnograf, publicista, advokát (22. 9. 1780 Príbelce-Horné Príbelce, okr. Veľký Krtíš ‒ 29. 5. 1847 Viedeň)

Bibliographic Details
Format: Article
Language:Slovak
Subjects:

MARC

LEADER 00000naa a2200000uu 4500
001 vtls010872020
003 SK-MaSNL
005 20260302145310.0
008 220808|1986 xo |||||||||||||||||slo|
035 |a (urnnbn)urn:nbn:sk:snk:ar-0094y3 
035 |a (uuid)d062f9c3-66d8-465f-af13-66807845afb6 
035 |a urn:nbn:sk:snk-aaunfb 
040 |a SNKBUCL  |b slo  |c SNKBUCL  |e AACR2 
041 0 |a slo 
044 |a xo  |c SK 
245 0 0 |a Čaplovič, Ján (Jasenovský)  |b etnograf, publicista, advokát (22. 9. 1780 Príbelce-Horné Príbelce, okr. Veľký Krtíš ‒ 29. 5. 1847 Viedeň) 
600 1 7 |a Čaplovič, Ján,  |d 1780-1847  |2 snkbucl  |9 126193 
655 7 |a biografické heslá  |2 SNKPH  |9 368942 
773 0 |t Slovenský biografický slovník : (od roku 833 do roku 1990). I. zväzok, A - D  |d Martin : Matica slovenská, 1986  |g S. 404-405 
954 |a odborná, vedecká literatúra pôvodná (slovenská)  |2 lita 
958 |a OND 
958 |a BX 
958 |a article6 
958 |a chapter 
999 |c 1353476  |d 1355406